El ejercicio de la maternidad: psicoanálisis y sociología de la maternidad y paternidad en la crianza de los hijos /
El texto aborda el ejercicio de la maternidad y paternidad desde una perspectiva interdisciplinaria que combina el psicoanálisis y la sociología. Explora en profundidad cómo la crianza de los hijos influye en la construcción de roles y dinámicas de género en la sociedad. El análisis se centra en el...
Gorde:
| Egile nagusia: | |
|---|---|
| Formatua: | Ezezaguna |
| Hizkuntza: | Spanish |
| Argitaratua: |
España :
gedisa
|
| Gaiak: | |
| Etiketak: |
Etiketa erantsi
Etiketarik gabe, Izan zaitez lehena erregistro honi etiketa jartzen!
|
MARC
| LEADER | 00000 a2200000 04500 | ||
|---|---|---|---|
| 001 | 44894 | ||
| 003 | cru IIS | ||
| 005 | 20230904143240.0 | ||
| 008 | 050606s1984 sp spa d | ||
| 020 | |a 84-7432-204-9 | ||
| 040 | |c A | ||
| 090 | |a 1004 CH545e | ||
| 100 | |a Chodorow, Nancy | ||
| 245 | |a El ejercicio de la maternidad: |b psicoanálisis y sociología de la maternidad y paternidad en la crianza de los hijos / |c por Nancy Chodorow | ||
| 260 | |a España : |b gedisa | ||
| 300 | |a 319 páginas | ||
| 500 | |a También en inglés, ver 0001 E68i | ||
| 520 | |a El texto aborda el ejercicio de la maternidad y paternidad desde una perspectiva interdisciplinaria que combina el psicoanálisis y la sociología. Explora en profundidad cómo la crianza de los hijos influye en la construcción de roles y dinámicas de género en la sociedad. El análisis se centra en el papel fundamental de la maternidad en la formación de la identidad de género y cómo esta dinámica también involucra a los padres. El texto examina cómo las prácticas de crianza, influenciadas por factores culturales y sociales, afectan la percepción de roles de género y las relaciones familiares. Además, se investiga cómo las nociones de cuidado, apego y responsabilidades parentales se interconectan con la construcción de la identidad individual y colectiva. A través de ejemplos y estudios de casos, el texto ilustra la complejidad de estas dinámicas en diferentes contextos culturales y resalta la importancia de comprender la crianza como una dimensión esencial para comprender la reproducción de las estructuras sociales y la formación de identidades de género. RAR 08/2023 | ||
| 650 | 0 | |2 OCDE |9 987 |a MATERNIDAD | |
| 650 | 0 | |2 OCDE |9 1019 |a PATERNIDAD | |
| 650 | 0 | |2 OCDE |9 5457 |a PSICOANALISIS | |
| 650 | 0 | |2 OCDE |9 2081 |a SOCIOLOGIA | |
| 650 | 0 | |2 OCDE |9 5169 |a ROLES DE LOS GENEROS | |
| 650 | 0 | |2 OCDE |9 4620 |a IDENTIDAD | |
| 650 | 0 | |2 OCDE |9 7503 |a RELACIONES FAMILIARES | |
| 650 | 0 | |2 OCDE |9 126 |a CULTURA | |
| 942 | |2 ddc |c REF | ||
| 999 | |c 11815 |d 11815 | ||



